Powers of the US President Quiz Stats

 Plays Quiz not verified by Sporcle

Support Sporcle.
Go Orange.
Score 0/10 Timer 02:00
0 Plays Today
Power % Correct
Act as Commander-In-Chief
57.4%
Act as Chief Executive
38.9%
Issue Pardons
38.9%
Negotiate Treaties
35.2%
Sign Legislation
22.2%
Veto Legislation
22.2%
Propose Legislation
13%
Nominate Federal Judges
13%
Submit the Annual Budget
7.4%
Nominate Executive Officials
5.6%

You're not logged in!

Compare scores with friends on all Sporcle quizzes.
OR
Log In

From the Vault

1980s Lyric Match V

by fyffereddevils

Dude, we're totally stoked about this rad quiz!
Remove Ads.
Support Sporcle.
Get the best of Sporcle when you Go Orange. This ad-free experience offers more features, more stats, and more fun while also helping to support Sporcle. Thank you for becoming a member.

Show Comments

Extras

Top Quizzes Today


Score Distribution

Your Account Isn't Verified!

In order to create a playlist on Sporcle, you need to verify the email address you used during registration. Go to your Sporcle Settings to finish the process.

Report this User

Report this user for behavior that violates our Community Guidelines.

Details: